| 000 | 01377nam a22002417a 4500 | ||
|---|---|---|---|
| 005 | 20260227091843.0 | ||
| 008 | 220601b ||||| |||| 00| 0 eng d | ||
| 020 | _a9789355063328 | ||
| 040 | _cAloy | ||
| 041 | _akan | ||
| 082 |
_223 _a330K _b075862 |
||
| 100 |
_aV B Hans _9256974 |
||
| 100 |
_941936 _dವಿ ಬಿ ಹ್ಯಾನ್ಸ್ |
||
| 245 |
_aMulabhuta arthashstra II _b: ಮೂಲಭೂತ ಅರ್ಥಶಾಸ್ತ್ರ II |
||
| 260 |
_aBengaluru _bHSRA Prakashana _c2022 |
||
| 300 |
_aix,164p _bPB _c20x14cm |
||
| 365 |
_2Economics _a1337 _b159.20 _c₹ _d199.00 _e20% _f31-05-2022 |
||
| 520 | _aಪರಿವಿಡಿ: ಮ್ಯಾಕ್ರೋ ಆರ್ಥಿಕ ಮಾದರಿ ಹಣದ ಬೇಡಿಕೆ ಮತ್ತು ಪೂರೈಕೆ ಹಣದುಬ್ಬರ ಸ್ಥೂಲ ಆರ್ಥಿಕ ಸವಾಲುಗಳು ವಿತ್ತೀಯ ನೀತಿ ಹಣಕಾಸಿನ ನೀತಿ ಬಡತನ ಮತ್ತು ಸಾರ್ವಜನಿಕ ನೀತಿ ಅಂತಾರಾಷ್ಟ್ರೀಯ ವ್ಯಾಪಾರದ ಪರಿಕಲ್ಪನೆಗಳು ಮತ್ತು ಸಿದ್ಧಾಂತಗಳು ಜಾಗತೀಕರಣ | ||
| 650 |
_aBasic Economics _940007 |
||
| 650 |
_aNEP: ಎನ್ ಯಿ ಪಿ _940008 |
||
| 650 |
_aII Semester BA: II ಸೆಮಿಸ್ಟರ್ ಬಿಎ _940009 |
||
| 942 |
_2ddc _cBK |
||
| 999 |
_c223197 _d223197 |
||